| 000 | 01545nam0a2200385 4500 | ||
|---|---|---|---|
| 001 | RU\NLR\bibl\1498664 | ||
| 005 | 20260405115609.0 | ||
| 010 |
_a978-5-49807-327-9 _93000 |
||
| 021 |
_aRU _b2010-16028 _91069 |
||
| 035 | _a(nilc)EL/0000311039 | ||
| 035 | _a(NLR Aleph) 001490137 | ||
| 090 |
_a1758390 _c1758390 |
||
| 100 | _a20091217d2009 |||y0rusy50 ca | ||
| 101 | 0 | _arus | |
| 102 | _aRU | ||
| 105 | _aa j ||||| | ||
| 200 | 1 |
_aКультурология _eэкзаменационные ответы для студентов вузов _e[учебное пособие] _fА. С. Кармин, Е. А. Гусева |
|
| 210 |
_aМосква [и др.] _cПитер _cЛидер _d2009 |
||
| 215 |
_a166 с. _cил. _d21 |
||
| 225 | 1 | _aЗавтра экзамен | |
| 320 | _aБиблиогр.: с. 165-166 | ||
| 606 | 1 |
_aКультурология _jУчебные издания для высших учебных заведений _91437504 _3RU\NLR\auth\66607983 |
|
| 686 | _aС550.2я73 | ||
| 686 | _aЮ6я73 | ||
| 686 | _aТ3(0)0-7я73 | ||
| 686 | _aЧ111я73 | ||
| 700 | 1 |
_aКармин _bА. С. _gАнатолий Соломонович _4070 |
|
| 701 | 1 |
_4070 _8rus _7ca _aГусева _bЕ. А. _cд-р филос. наук _gЕлена Алексеевна _3RU\NLR\auth\7745951 _928886 |
|
| 801 | 0 |
_aRU _bВологодская ОУНБ _c20091217 _grcr |
|
| 801 | 1 |
_aRU _bВологодская ОУНБ _c20091217 |
|
| 801 | 2 |
_aRU _bNLR _c20100414 _grcr |
|
| 942 | _cBOOK | ||
| 980 | _aNB | ||